[Event "Paleochora op 11th"]
[Site "Paleochora"]
[Date "2018.07.20"]
[Round "4"]
[White "Papakonstantinou, Dimitrios"]
[Black "Georgakopoulos, Nikolaos K"]
[Result "1-0"]
[WhiteElo "2336"]
[BlackElo "2033"]
[PlyCount "79"]
[EventDate "2018.07.18"]
[EventType "swiss"]
[EventRounds "9"]
[EventCountry "GRE"]
[SourceTitle "CBM 186 Extra"]
[Source "ChessBase"]
[SourceDate "2018.08.24"]
[SourceVersion "1"]
[SourceVersionDate "2018.08.24"]
[SourceQuality "1"]

1. e4 c5 2. Nf3 Nc6 3. d4 cxd4 4. Nxd4 Nf6 5. Nc3 e5 6. Ndb5 d6 7. Bg5 a6 8. Na3 b5 9. Bxf6 gxf6 10. Nd5 Bg7 11. Bd3 Ne7 12. Nxe7 Qxe7 13. c4 f5 14. 0-0 0-0 15. Qh5 bxc4 16. Nxc4 d5 17. exd5 e4 18. Be2 Rb8 19. Rfd1 Bd7 20. Rab1 f4 21. b3 f5 22. Kh1 Kh8 23. Rbc1 Bf6 24. Qh6 Bg5 25. Qd6 Qxd6 26. Nxd6 f3 27. gxf3 Rb6 28. Rc6 Bxc6 29. dxc6 Rxc6 30. fxe4 fxe4 31. Nxe4 Bf4 32. Kg2 Rg6+ 33. Ng3 Re8 34. Bh5 Bxg3 35. hxg3 Re5 36. Bxg6 hxg6 37. Rd6 Ra5 38. a4 Kg7 39. f4 Kf7 40. Kf3 1-0

[Event "Paleochora op 11th"]
[Site "Paleochora"]
[Date "2018.07.19"]
[Round "2"]
[White "Georgakopoulos, Nikolaos K"]
[Black "Teterev, Vitaly"]
[Result "0-1"]
[WhiteElo "2033"]
[BlackElo "2508"]
[PlyCount "82"]
[EventDate "2018.07.18"]
[EventType "swiss"]
[EventRounds "9"]
[EventCountry "GRE"]
[SourceTitle "CBM 186 Extra"]
[Source "ChessBase"]
[SourceDate "2018.08.24"]
[SourceVersion "1"]
[SourceVersionDate "2018.08.24"]
[SourceQuality "1"]

1. e4 c5 2. Nf3 d6 3. Bb5+ Nd7 4. c3 Ngf6 5. Bd3 b6 6. 0-0 Bb7 7. Re1 Qc7 8. Bc2 Rc8 9. Na3 e6 10. b3 Be7 11. Bb2 0-0 12. Rc1 Qb8 13. d4 cxd4 14. cxd4 d5 15. e5 Ne4 16. Nb1 Bb4 17. Re3 f5 18. Nfd2 Be7 19. Ba3 Bxa3 20. Nxa3 Ba6 21. f4 Rf7 22. Nab1 Nf8 23. b4 Qc7 24. a4 Qe7 25. b5 Bb7 26. Nxe4 dxe4 27. Bb3 Rxc1 28. Qxc1 Qd8 29. Qd2 Rd7 30. Qa2 Bd5 31. Nd2 Bxb3 32. Nxb3 Rc7 33. Re2 Qd5 34. Qb2 Rc4 35. Qa3 Rc3 36. Rb2 Qc4 37. Qa2 e3 38. Qb1 Ng6 39. a5 Nxf4 40. axb6 axb6 41. Qf1 e2 0-1

[Event "GRE-chT 46th"]
[Site "Rio Achaia"]
[Date "2018.07.11"]
[Round "3.3"]
[White "Georgakopoulos, Nikolaos K"]
[Black "Stamatis, Ioannis"]
[Result "1-0"]
[WhiteElo "2033"]
[BlackElo "1777"]
[PlyCount "145"]
[EventDate "2018.07.10"]
[EventType "team"]
[EventRounds "7"]
[EventCountry "GRE"]
[SourceTitle "CBM 185 Extra"]
[Source "ChessBase"]
[SourceDate "2018.07.29"]
[SourceVersion "1"]
[SourceVersionDate "2018.07.29"]
[SourceQuality "1"]
[WhiteTeam "Chania"]
[BlackTeam "Kavalas"]
[WhiteTeamCountry "GRE"]
[BlackTeamCountry "GRE"]

1. e4 c6 2. d4 d5 3. e5 Bf5 4. h4 h5 5. Bd3 Bxd3 6. Qxd3 e6 7. Nf3 Nd7 8. Bg5 Ne7 9. 0-0 Qb6 10. Nbd2 Nf5 11. c4 Qa6 12. a3 Nb6 13. b3 Be7 14. Bxe7 Nxe7 15. Qc2 Nf5 16. c5 Nd7 17. b4 b6 18. Nb3 Qa4 19. Qc3 0-0 20. Rfc1 Rfc8 21. g3 g6 22. Ne1 bxc5 23. dxc5 Rd8 24. Nf3 Rab8 25. Re1 Nf8 26. Nfd4 Nxd4 27. Nxd4 Rdc8 28. Nb3 Nd7 29. Na5 a6 30. Reb1 Rb5 31. Nb3 Rbb8 32. Re1 Nf8 33. Kg2 Nd7 34. Qe3 Kg7 35. Nd4 a5 36. Reb1 Rb7 37. b5 Nxc5 38. bxc6 Rxb1 39. Rxb1 Rxc6 40. Nxc6 Qxc6 41. Qd4 Ne4 42. a4 Qc3 43. Qxc3 Nxc3 44. Ra1 Kf8 45. Kf1 Ke7 46. Ke1 f6 47. exf6+ Kxf6 48. Kd2 d4 49. Kd3 e5 50. f4 Kf5 51. fxe5 Kxe5 52. Re1+ Kd5 53. Re8 Nxa4 54. Rd8+ Ke5 55. Re8+ Kd5 56. Rg8 Nc5+ 57. Ke2 d3+ 58. Ke3 Kc4 59. Rxg6 a4 60. g4 hxg4 61. Rxg4+ Kc3 62. h5 d2 63. Rd4 Nb3 64. Rd8 Kc2 65. h6 a3 66. h7 a2 67. h8Q a1Q 68. Rxd2+ Nxd2 69. Qxa1 Nc4+ 70. Kd4 Nd2 71. Qa2+ Kc1 72. Kd3 Nb3 73. Qc2# 1-0

[Event "GRE-ch U16"]
[Site "Rio Achaia"]
[Date "2018.07.06"]
[Round "5"]
[White "Brokalakis Gounaris, Christos"]
[Black "Georgakopoulos, Nikolaos K"]
[Result "0-1"]
[WhiteElo "1901"]
[BlackElo "2033"]
[PlyCount "68"]
[EventDate "2018.07.03"]
[EventType "swiss"]
[EventRounds "9"]
[EventCountry "GRE"]
[SourceTitle "EXT 2019"]
[Source "ChessBase"]
[SourceDate "2018.10.10"]
[SourceVersion "1"]
[SourceVersionDate "2018.10.10"]
[SourceQuality "1"]

1. d4 Nf6 2. c4 e6 3. Nc3 Bb4 4. Qc2 0-0 5. a3 Be7 6. e4 d6 7. Nf3 c5 8. dxc5 dxc5 9. e5 Nfd7 10. Bd3 Nc6 11. Bf4 g5 12. Bxh7+ Kg7 13. Bg3 g4 14. Nd2 Ndxe5 15. Be4 f5 16. Bxc6 Nxc6 17. h3 Nd4 18. Qd1 Rh8 19. Nb3 b6 20. Nxd4 cxd4 21. Nb5 Bf6 22. Rh2 e5 23. hxg4 f4 24. Bxf4 exf4 25. Rxh8 Qxh8 26. Kd2 Bd7 27. Nd6 d3 28. Qf3 Rd8 29. Re1 Qf8 30. Nf5+ Bxf5 31. gxf5 Qc5 32. Qxf4 Qa5+ 33. b4 Bc3+ 34. Kd1 Qa4+ 0-1

[Event "GRE-ch U16"]
[Site "Rio Achaia"]
[Date "2018.07.04"]
[Round "2"]
[White "Georgakopoulos, Nikolaos K"]
[Black "Makris, Spyridon Dionysios"]
[Result "0-1"]
[WhiteElo "2033"]
[BlackElo "1799"]
[PlyCount "80"]
[EventDate "2018.07.03"]
[EventType "swiss"]
[EventRounds "9"]
[EventCountry "GRE"]
[SourceTitle "EXT 2019"]
[Source "ChessBase"]
[SourceDate "2018.10.10"]
[SourceVersion "1"]
[SourceVersionDate "2018.10.10"]
[SourceQuality "1"]

1. e4 e5 2. Nf3 Nc6 3. c3 Nf6 4. d4 exd4 5. e5 Nd5 6. Qb3 Nb6 7. cxd4 d6 8. Bb5 Bd7 9. 0-0 Be7 10. Nc3 0-0 11. Bxc6 bxc6 12. h3 d5 13. Qc2 Be6 14. Ne2 Qd7 15. Ng3 a5 16. a4 Rfb8 17. b3 Nc8 18. Rb1 Ra6 19. Bg5 Rab6 20. Qd3 c5 21. Bxe7 c4 22. bxc4 dxc4 23. Rxb6 cxb6 24. Qe4 Nxe7 25. Ng5 g6 26. Qh4 h5 27. N5e4 Nd5 28. Nxh5 gxh5 29. Nf6+ Nxf6 30. exf6 Qd6 31. Qg5+ Kf8 32. d5 Bxd5 33. Re1 Be6 34. Qg7+ Ke8 35. f4 Kd7 36. f5 Qc5+ 37. Kh1 Qxf5 38. Rd1+ Kc7 39. Qg3+ Kb7 40. Qd6 Rc8 0-1

[Event "GRE-ch U20"]
[Site "Chania"]
[Date "2018.04.11"]
[Round "2"]
[White "Kalogeris, Ioannis"]
[Black "Georgakopoulos, Nikolaos K"]
[Result "1-0"]
[WhiteElo "2269"]
[BlackElo "2060"]
[PlyCount "127"]
[EventDate "2018.04.10"]
[EventType "swiss"]
[EventRounds "9"]
[EventCountry "GRE"]
[SourceTitle "CBM 184 Extra"]
[Source "ChessBase"]
[SourceDate "2018.06.28"]
[SourceVersion "1"]
[SourceVersionDate "2018.06.28"]
[SourceQuality "1"]
[WhiteTeam "Greece"]
[BlackTeam "Greece"]
[WhiteTeamCountry "GRE"]
[BlackTeamCountry "GRE"]

1. e4 c5 2. Nf3 Nc6 3. Nc3 e5 4. Bc4 d6 5. 0-0 Be7 6. Nd5 Nf6 7. Re1 0-0 8. c3 Bg4 9. h3 Bh5 10. g4 Bg6 11. d3 Kh8 12. Nxe7 Nxe7 13. a4 Ne8 14. Nh4 Nc7 15. Qf3 f6 16. Nxg6+ Nxg6 17. Qg3 d5 18. Bb3 Qd6 19. d4 Qb6 20. Bc2 cxd4 21. cxd4 exd4 22. b4 Rfe8 23. Bd2 Rad8 24. a5 Qd6 25. Qxd6 Rxd6 26. f4 d3 27. Ba4 Rxe4 28. Rxe4 dxe4 29. Rc1 Ne6 30. f5 Nd8 31. fxg6 hxg6 32. Kf2 Ne6 33. Ke3 f5 34. Rc8+ Kh7 35. Bd1 Rd4 36. Rf8 Rd6 37. Re8 Nd4 38. Re7 Nc2+ 39. Kf4 b6 40. Bc3 g5+ 41. Kxg5 Rg6+ 42. Kf4 e3 43. Bxc2 dxc2 44. Bb2 fxg4 45. hxg4 e2 46. Rxe2 Rc6 47. Bc1 bxa5 48. bxa5 Rc5 49. Re5 Rc4+ 50. Kf3 Rc3+ 51. Ke2 Rc4 52. g5 Rc6 53. Kd3 a6 54. Kd4 Rd6+ 55. Rd5 Re6 56. Rc5 Re2 57. Kd3 Re6 58. Kxc2 Kg6 59. Kd3 Kf7 60. Kd4 Rd6+ 61. Ke5 Re6+ 62. Kd5 Re1 63. Kc6 Re6+ 64. Kb7 1-0

[Event "GRE-ch Schools Lykeia 30th"]
[Site "Peristeri"]
[Date "2018.04.02"]
[Round "7"]
[White "Georgakopoulos, Nikolaos K"]
[Black "Georgitsi, Antigoni"]
[Result "1-0"]
[WhiteElo "2060"]
[BlackElo "1828"]
[PlyCount "111"]
[EventDate "2018.04.01"]
[EventType "swiss (rapid)"]
[EventRounds "9"]
[EventCountry "GRE"]
[SourceTitle "EXT 2019"]
[Source "ChessBase"]
[SourceDate "2018.10.10"]
[SourceVersion "1"]
[SourceVersionDate "2018.10.10"]
[SourceQuality "1"]

1. e4 e5 2. Nf3 Nc6 3. Bb5 a6 4. Ba4 Nf6 5. d3 b5 6. Bb3 Be7 7. a4 Rb8 8. 0-0 0-0 9. axb5 axb5 10. Nc3 d6 11. h3 Nd4 12. Nxd4 exd4 13. Ne2 c5 14. Ng3 Be6 15. f4 Bxb3 16. cxb3 Nd7 17. Nf5 g6 18. Nh6+ Kg7 19. f5 Ne5 20. Ra7 Bf6 21. Bf4 Qb6 22. Ra1 Qd8 23. Bxe5 Bxe5 24. Qd2 Qh4 25. Ng4 Rb7 26. Ra6 Kh8 27. Nxe5 dxe5 28. fxg6 hxg6 29. Rxg6 fxg6 30. Rxf8+ Kg7 31. Rf1 Ra7 32. Qc2 Rc7 33. Kh1 Qg3 34. Qd2 Ra7 35. Qc2 Rc7 36. Ra1 Qf4 37. Qe2 Rf7 38. Kg1 Rc7 39. Rf1 Qg5 40. Qf3 Ra7 41. Qf8+ Kh7 42. Qxc5 Qe3+ 43. Kh1 Rg7 44. Qxb5 Qe2 45. Rg1 Qxb2 46. Qxe5 Qc3 47. Qb5 Rc7 48. Rf1 Rc5 49. Qd7+ Kh6 50. Qe7 Rc7 51. Qh4+ Kg7 52. Qf6+ Kh7 53. Qd6 Rg7 54. Qg3 Qxb3 55. e5 Re7 56. Qh4+ 1-0

[Event "GRE-ch Schools Lykeia 30th"]
[Site "Peristeri"]
[Date "2018.04.02"]
[Round "8"]
[White "Samaridis, Konstantinos"]
[Black "Georgakopoulos, Nikolaos K"]
[Result "0-1"]
[WhiteElo "2121"]
[BlackElo "2060"]
[PlyCount "66"]
[EventDate "2018.04.01"]
[EventType "swiss (rapid)"]
[EventRounds "9"]
[EventCountry "GRE"]
[SourceTitle "EXT 2019"]
[Source "ChessBase"]
[SourceDate "2018.10.10"]
[SourceVersion "1"]
[SourceVersionDate "2018.10.10"]
[SourceQuality "1"]

1. e4 c5 2. c4 Nc6 3. Nc3 g6 4. g3 Bg7 5. Bg2 d6 6. d3 e6 7. Nge2 Nge7 8. 0-0 0-0 9. Be3 Nd4 10. Rb1 b6 11. b4 Bb7 12. b5 Nxe2+ 13. Nxe2 d5 14. exd5 exd5 15. d4 cxd4 16. Bxd4 Bxd4 17. Qxd4 Qd7 18. Rfd1 Rad8 19. cxd5 Bxd5 20. Nf4 Be6 21. Qxd7 Bxd7 22. Nd5 Nxd5 23. Bxd5 Rfe8 24. Rd2 Bg4 25. Kg2 Rd7 26. f3 Be6 27. Re1 Kg7 28. Kg1 Red8 29. Bxe6 Rxd2 30. Bc4 R8d7 31. a3 Rc7 32. Bb3 Rc3 33. Bd1 Rc1 0-1

[Event "GRE-ch Schools Lykeia 30th"]
[Site "Peristeri"]
[Date "2018.04.01"]
[Round "2"]
[White "Georgakopoulos, Nikolaos K"]
[Black "Berbatis, Antonios"]
[Result "1-0"]
[WhiteElo "2060"]
[BlackElo "1878"]
[PlyCount "119"]
[EventDate "2018.04.01"]
[EventType "swiss (rapid)"]
[EventRounds "9"]
[EventCountry "GRE"]
[SourceTitle "EXT 2019"]
[Source "ChessBase"]
[SourceDate "2018.10.10"]
[SourceVersion "1"]
[SourceVersionDate "2018.10.10"]
[SourceQuality "1"]

1. e4 c5 2. Nf3 e6 3. c4 d6 4. d4 cxd4 5. Nxd4 Nc6 6. Nc3 Nf6 7. Be2 Be7 8. 0-0 0-0 9. Be3 a6 10. f3 Bd7 11. Qd2 Rc8 12. Rac1 Ne5 13. b3 Bc6 14. Nxc6 Nxc6 15. Rfd1 Qa5 16. Bf1 Rfd8 17. Qf2 Qh5 18. Bb6 Re8 19. Kh1 Ne5 20. Be2 Qg6 21. Be3 h5 22. h3 h4 23. f4 Nc6 24. Bd3 Qg3 25. Qxg3 hxg3 26. Be2 e5 27. f5 Nb8 28. Bf3 Nbd7 29. Ne2 Nc5 30. Nxg3 Rc7 31. b4 Ncd7 32. Be2 Rec8 33. a3 b6 34. Bd3 Ra8 35. Kg1 Kf8 36. Kf2 a5 37. Kf3 Ke8 38. Ne2 axb4 39. axb4 Ra4 40. Rb1 Ra3 41. Bc1 Ra8 42. Nc3 Rca7 43. Nb5 Ra2 44. Nc7+ Kd8 45. Nxa8 Rxa8 46. Be3 Ra4 47. g4 d5 48. cxd5 Rxb4 49. Rxb4 Bxb4 50. g5 Ne8 51. Bb5 Bc5 52. Bxd7 Kxd7 53. Bxc5 bxc5 54. Rc1 Kd6 55. Ke3 Nc7 56. h4 Na6 57. h5 Ke7 58. h6 gxh6 59. gxh6 Kf8 60. Rg1 1-0